000 00567nam a2200229Ia 4500
003 OSt
005 20221006165207.0
006 a|||||r|||| 00| 0
007 ta
008 221006b |||||||| |||| 00| 0 hin d
024 _a3,927
037 _cTextual
040 _aFML
_cFML
_bhin
041 _2hin
_ahin
082 _aNR44,25, N5
100 _aKusum Au.
_9679287
245 0 _aTaal Kusum
260 _aLucknow
_bSulabh Prakashan
_c2005
300 _a221
_ccm.
942 _hNR44,25, N5
_cTEXL
_2CC
999 _c1119957
_d1119957